00643nam a2200181Ia 4500008004100000020002200041041000800063082001400071100001700085245001900102250001200121260004800133300001000181500001800191650001400209999002100223952021700244260520s2024 xx 000 0 und d a978-93-6053-763-0 aeng a338.5/ARN aArnold , R A aMicroeconomics a14th ed aDELHIbCENGAGE LEARNING INDIA PVT LTDc2024 a566p. aCat No: 14982 aECONOMICS c1221788d1221788 001040708CaPKSbPKSc2d2026-04-06eBharati Madhyavarti Sahakari Grahak Bhandar, Pune (Best Book Supplier, Kolhapur)g745.00l0o338.5/ARNpPKS-25160r2026-05-20 00:00:00w2026-05-20yBKzGeneral book section